Zrcadlo rozvojových zemí 2. Ekonomika

Gespeichert in:
Bibliographische Detailangaben
1. Verfasser: Foltýn, Jaroslav
Weitere Verfasser: Holub, Alois
Format: Buch
Sprache:Tschechisch
Veröffentlicht: Praha Horizont 1989
Ausgabe:1. vyd.
Tags: Tag hinzufügen
Keine Tags, Fügen Sie das erste Tag hinzu!

MARC

LEADER 00000nam a2200000 4500
001 c026835
005 20221215121204.9
041 0 |a cze 
044 |a CZ 
245 1 0 |a Zrcadlo rozvojových zemí  |b 2. Ekonomika  |c Jaroslav Foltýn, Alois Holub 
250 |a 1. vyd. 
264 1 |a Praha  |b Horizont  |c 1989 
300 |a 169 s. 
100 1 |a Foltýn, Jaroslav 
700 1 |a Holub, Alois